LEADER 01017nam a2200229 4500 001 000000343009 003 CaOOAMICUS 005 20201209105333.0 008 201119s1973 it 000 u ita r 040 $aSeMil$bita 100 1 $aLe Saux, Henri,$c.$0(OLS)http://semarc/name/32067 240 10$aEveil a soi, eveil a Dieu.$0(OLS)http://semarc/title/431962 245 10$aPreghiera e presenza :$bsaggio sulla preghiera /$cHenri Le Saux, Abhisiktananda. 264 1$aAssisi :$bCittadella,$cstampa 1973. 300 $a184 p. ;$c19 cm 650 4$aPreghiera - Meditazioni.$0(OLS)http://semarc/subject/1470 830 0$aSpiritualitą del nostro tempo.$0(OLS)http://semarc/title/6291 850 $aSeMil 852 $aSeMil$W1$xVenegono$y1$m2C I 459$j223159$B234286$CSeMilBibl$Z2$F234286 $81 996 $6245$aPreghiera e presenza :$bsaggio sulla preghiera$9(OLS)http://semarc/title/431963 996 $6264$aAssisi :$bCittadella$9(OLS)http://semarc/publisher/29661 LEADER 00849nam a2200205 i 4500 001 000000215014 003 CaOOAMICUS 005 20120810000000.0 008 120810s1952 it u000 u ita u 013 $a193886 040 $aSeMil$bita 245 10$aAngelo Comolli e l'Abbazia di Morimondo. 260 $aMilano :$bIstituto grafico Bertieri,$c1952. 300 $a21 p., [18] c. di tav. :$bill. ;$c22 cm. 600 14$aComolli, Angelo <1863-1949>.$0(OLS)http://semarc/subject/35306 650 4$aMorimondo - Abbazia di Morimondo.$0(OLS)http://semarc/subject/4359 850 $aSeMil 852 $aSeMil$W1$xVenegono$y1$m3P II 116$j165435$B165435$CSeMilBibl$Z2$F176421 $81 996 $6245$aAngelo Comolli e l'Abbazia di Morimondo$9(OLS)http://semarc/title/269438 996 $6260$aMilano :$bIstituto grafico Bertieri$9(OLS)http://semarc/publisher/42593